| 000 | 00000nam 2200000za 4500 |
| 001 | 9.843527 |
| 003 | CaOODSP |
| 005 | 20221107152537 |
| 007 | cr ||||||||||| |
| 008 | 180105s2009 onc o f000 0 fre d |
| 020 | |a978-0-660-09629-2 |
| 040 | |aCaOODSP|bfre |
| 043 | |an-cn--- |
| 086 | 1 |aBT39-4/2009F-PDF |
| 110 | 1 |aCanada. |bConseil du trésor. |
| 245 | 10|aDirective sur la gestion de la sécurité ministérielle |h[ressource électronique]. |
| 260 | |aOttawa : |bSecrétariat du Conseil du Trésor du Canada, |cc2009. |
| 300 | |a[11] p. (pages non numérotées) |
| 500 | |aPublié aussi en anglais sous le titre : Directive on departmental security management. |
| 500 | |aTitre de la couv. |
| 500 | |a« Publié : le 07 juil. 2009 ». |
| 500 | |aÉgalement disponible en format HTML. |
| 504 | |aComprend des références bibliographiques de lien hypertexte. |
| 520 | 0 |a« Vise à assurer une gestion efficiente, efficace et responsable de la sécurité dans les ministères et les organismes »--Fourni par l'éditeur. |
| 692 | 07|2gccst|aPolitique gouvernementale |
| 692 | 07|2gccst|aSécurité |
| 775 | 08|tDirective on departmental security management |w(CaOODSP)9.843526 |
| 794 | |tDirective sur la gestion de la sécurité.|w(CaOODSP)9.887732 |
| 856 | 40|qPDF|s166 Ko|uhttps://publications.gc.ca/collections/collection_2018/sct-tbs/BT39-4-2009-fra.pdf |
| 856 | 4 |qHTML|sS.O.|uhttps://www.tbs-sct.gc.ca/pol/doc-fra.aspx?id=16579 |